000 01297cam a2200289Ia 4500
001 threedaysdarknes00hebe
003 CaSfIA
005 20210119102716.0
007 cr||||
008 870522s1986 lau 000 0 eng d
040 _aICC
_cICC
_dOCL
_dOCLCG
_dCaSfIA
035 _a(OCoLC)15725354
082 4 _a249
090 _aBV5091.V6
_bH4
100 1 _aHebert, Albert J.,
_d1913-
245 1 4 _aThe three days' darkness;
_h[electronic resource]
_bprophecies of saints and seers
_cby Albert J. Hebert.
260 _aPaulina, La. (P.O. Box 309, Paulina 70763) :
_bA.J. Hebert,
_cc1986.
300 _axii, 74 p. :
_bill. ;
_c24 cm.
504 _aBibliography: p. 70-73.
650 0 _aVisions.
630 0 0 _aBible
_xProphecies.
856 4 1 _uhttp://www.archive.org/details/threedaysdarknes00hebe
_zFree eBook from the Internet Archive
856 4 2 _uhttp://www.openlibrary.org/books/OL24588217M
_zAdditional information and access via Open Library
942 _cEB
506 _fНеобхідна авторизація на https://archive.org/ (створення облікового запису безкоштовно)
506 _fНеобхідна авторизація на https://openlibrary.org/ (створення облікового запису безкоштовно)
999 _c557290
_d557290